000 00507nam a2200157 i 4500
001 38442
003 ES-MaACL
005 20230906155746.0
007 t|
008 030225s1935 sp ||||1| spa d
100 1 _aCabo Pastor, Francisco.
_933238
245 1 0 _aTertulia de rebotica
_b: para solar de médicos, farmaceúticos y sus derivados sucedáneos /
_cpor Francisco Cabo Pastor.
260 _aMadrid :
_b[s.n.,
_c1935] (
_fImp. Juan Bravo)
300 _a18 p. ;
_c18 cm.
852 _aES-MaACL
_j1827-F-1
999 _c38442
_d38442